000 nam a22 7a 4500
999 _c8847
_d8847
008 180120b ||||| |||| 00| 0 eng d
100 _aNCERT
_95170
245 _aGeneralScience
260 _aNew Delhi
_bNavdheep
_c1993